000
00337nam a2200145Ia 4500
008
240112s2010 xx 000 0 und d
022
_a
0301620X
041
_a
eng
082
_a
617.305
100
_a
SCOTT J.
245
_a
THE JOURNAL OF BONE AND JOINT SURGERY
260
_b
JBJS
_c
2010
300
_a
1760;HB
_c
41982
440
_v
92
999
_c
1143338
_d
1143338